Normal view
MARC view
- Jan Faheem
Entry Personal Name
001 - CONTROL NUMBER
- control field: 24258
003 - CONTROL NUMBER IDENTIFIER
- control field: NUST
005 - DATE AND TIME OF LATEST TRANSACTION
- control field: 20191017152432.0
008 - FIXED-LENGTH DATA ELEMENTS
- fixed length control field: 191017|| aca||aabn | a|a d
040 ## - CATALOGING SOURCE
- Original cataloging agency: NUST
- Transcribing agency: NUST
100 ## - HEADING--PERSONAL NAME
- Personal name: Jan Faheem
670 ## - SOURCE DATA FOUND
- Source citation: Work cat.: (NUST): Jan Faheem, MS/Thesis:DFT studies on reaction mechanism of arsenite oxidase, 2018
